000 01178nmc a2200409 a 4500
003 AR-BaBNM
005 20251128210238.0
008 169019s1999 ||||||||||||||000 | spa||
020 _a950-12-2138-5
040 _cAR-BaBNM
245 1 0 _aEscuchar, hablar, leer y escribir en la EGB
250 _a1ª ed.
260 _aBuenos Aires
_bPaidós
_c1999
300 _a280 p.
_btablas
490 0 _aPaidos educador
_vv. 138
504 _aContiene bibliografía al final de cada capítulo
650 4 _aENSENANZA DE LA LECTURA
650 4 _aPROCESO DE LECTURA
650 4 _aENSENANZA DE LA ESCRITURA
650 4 _aALFABETIZACION
650 4 _aENSENANZA DE LA ORTOGRAFIA
650 4 _aLENGUAJE HABLADO
650 4 _aCOMUNICACION
653 _aEDUCACION GENERAL BASICA
653 _aENSENANZA DE LA LENGUA
700 1 _aGonzález, Silvia
_ecompilador
700 1 _aIze de Marenco, Liliana
_ecompilador
700 1 _aAlisedo, Graciela
700 1 _aBehares, Luis E.
700 1 _aErramouspe, Raquel
700 1 _aFlores, María Luz
700 1 _aNatale, Lucía
700 1 _aVera, Elva M.
700 1 _aMelgar, Sara
942 _cBK
998 _cRaquel
999 _c14639
_d14639